Human ressource and social policy basic economic, social and educational needs and state policy
Enregistré dans:
| Auteur principal: | |
|---|---|
| Format: | Livre |
| Langue: | anglais |
| Publié: |
México
Colegio Nacional de Economistas
1980
|
| Tags: |
Pas de tags, Soyez le premier à ajouter un tag!
|
MARC
| LEADER | 00000nam a2200000 4500 | ||
|---|---|---|---|
| 001 | c140816 | ||
| 005 | 20041019155320.1 | ||
| 041 | 0 | |a eng | |
| 044 | |a MX | ||
| 245 | 1 | 0 | |a Human ressource and social policy |b basic economic, social and educational needs and state policy |c Hans Peter Widmaier |
| 264 | 1 | |a México |b Colegio Nacional de Economistas |c 1980 | |
| 300 | |a 32 s. | ||
| 100 | 1 | |a Widmaier, Hans Peter | |